000 00474nam a22001577a 4500
005 20250411100224.0
008 250411b |||||||| |||| 00| 0 eng d
020 _a9781870345545
050 _aBR137 LAR
100 _aLaryea Philip Tetteh
245 _aYesu , H)m)w) Nunts)
_bWith an Epilogue in English
_cPhilip T. Laryea, foreword by Kwame Bediako
260 _aAkropong-Akuapem
_bRegnum Africa
_c2004
300 _a176p.
_c22 cm
650 _2Theology
942 _2lcc
_cBK
_n0
999 _c5395
_d5395